Futbolistas capitanes del mundial de Qatar - Estadísticas

Estadísticas generales
  • Esta prueba ha sido intentada 279 veces
  • La puntuación promedio es 14 de 32
Estadísticas de respuestas
Selección Capitán % Correcto
Argentina Messi
90%
Alemania Neuer
83%
Croacia Modric
80%
Portugal Ronaldo
77%
Francia Lloris
76%
Polonia Lewandowski
74%
Gales Bale
72%
Corea del Sur Son
71%
Inglaterra Kane
70%
Países Bajos Van Dijk
66%
España Busquets
65%
Ecuador Valencia
61%
Bélgica Hazard
59%
Senegal Koulibaly
48%
Uruguay Godín
47%
Suiza Xhaka
46%
Brasil Silva
42%
Dinamarca Kjaer
38%
México Guardado
29%
Ghana Ayew
28%
Costa Rica Ruiz
24%
Australia Ryan
24%
Camerún Aboubakar
23%
Serbia Tadic
20%
Japón Yoshida
17%
Marruecos Saiss
16%
Canadá Hutchinson
9%
EEUU Tyler
6%
Arabia Saudita Al-faraj
3%
Qatar Al Haidos
2%
Irán Hajsafi
2%
Túnez Msakni
2%
No se encontraron pruebas coincidentes
Distribución de puntuación
Porcentaje de gente con cada puntuación
Porcentaje por número respondido
Historial de tus puntuaciones
No has intentado esta prueba.